000 01241nam a2200313Ia 4500
001 ebr10365021
003 CaPaEBR
006 m u
007 cr cn|||||||||
008 091116s2009 ke a s 000 0 eng d
010 _z 2009333670
020 _z9789966724458
020 _z9966724451
040 _aCaPaEBR
_cCaPaEBR
035 _a(OCoLC)647876325
050 1 4 _aJC328.65.K4
_bH43 2009eb
245 0 0 _aHealing the wound
_h[electronic resource] :
_bpersonal narratives about the 2007 post-election violence in Kenya /
_cedited by Kimani Njogu.
260 _aNairobi :
_bTwaweza Communications,
_cc2009.
300 _a318 p. :
_bill.
533 _aElectronic reproduction.
_bPalo Alto, Calif. :
_cebrary,
_d2010.
_nAvailable via World Wide Web.
_nAccess may be limited to ebrary affiliated libraries.
650 0 _aElections
_xCorrupt practices
_zKenya.
650 0 _aEthnic conflict
_zKenya.
650 0 _aPolitical violence
_zKenya.
651 0 _aKenya
_xPolitics and government
_y2002-
655 7 _aElectronic books.
_2local
700 1 _aNjogu, Kimani.
710 2 _aebrary, Inc.
856 4 0 _uhttp://site.ebrary.com/lib/rucke/Doc?id=10365021
_zAn electronic book accessible through the World Wide Web; click to view
999 _c218854
_d218854